| 000 | 01866nam a22002897a 4500 | ||
|---|---|---|---|
| 005 | 20110811162711.0 | ||
| 010 | _aB-428673-677 | ||
| 020 |
_a8176492310 _c195.00 |
||
| 035 | _aB-428673-677 | ||
| 037 | _bResearchco Book Centre | ||
| 082 | _a616.462 | ||
| 245 |
_aDiabetes a to z : _bwhat you need to know about diabetes-simply put / _cby American Diabetes Association |
||
| 250 | _a5th ed | ||
| 260 |
_aNew Delhi _bViva Books, _c2004 |
||
| 260 |
_aVirginia _bAmerican Diabetes Association _cc2004 |
||
| 270 |
_a4262/3, Ansari Road, Darya Ganj _bNew Delhi _e110002 |
||
| 300 |
_avii, 204 p. _c22cm (Pbk) |
||
| 500 | _aIncludes index | ||
| 650 |
_aDiabetes _932912 |
||
| 942 |
_2ddc _cEN _h616.462 _mDIA |
||
| 999 |
_c55293 _d55293 |
||